000
00209nam a2200097Ia 4500
008
240331s9999 xx 000 0 und d
082
_b
DES
100
_a
De Silva, D
245
0
_a
Women in parliament
942
_c
L
999
_c
1454
_d
1454